Infrarrojos y sus aplicaciones térmicas
Salvato in:
| Autore principale: | |
|---|---|
| Natura: | Libro |
| Lingua: | spagnolo |
| Pubblicazione: |
Madrid
Paraninfo
1965
|
| Serie: | Biblioteca Técnica Philips
|
| Soggetti: | |
| Tags: |
Aggiungi Tag
Nessun Tag, puoi essere il primo ad aggiungerne!!
|
MARC
| LEADER | 00000nam a2200000 a 4500 | ||
|---|---|---|---|
| 001 | UCU5368 | ||
| 003 | CL-VaPUC | ||
| 008 | 960531e19650000SP |||||||||||||||||spa|d | ||
| 082 | 0 | 4 | |a 621.362 |b LAT |2 21 |
| 100 | 0 | |a La Toison, M |e author |9 363342 | |
| 245 | 1 | 0 | |a Infrarrojos y sus aplicaciones térmicas |
| 300 | |a 192 p | ||
| 942 | |c BK | ||
| 945 | |d 19960531 00:00:00 |a paguirre | ||
| 260 | |a Madrid |b Paraninfo |c 1965 | ||
| 650 | 7 | |a HACES |2 CL-VaPUC |9 360854 | |
| 650 | 0 | |a Radiación |9 259874 | |
| 650 | 0 | |a Energía |9 259431 | |
| 650 | 7 | |a RAYOS INFRARROJOS |2 CL-VaPUC |9 363343 | |
| 583 | |a last modification |c 20150713 14:25:31 |k Rodrigo Vera | ||
| 490 | 0 | |a Biblioteca Técnica Philips | |
| 999 | |c 248756 |d 248754 | ||